|
|
|
|
| LEADER |
00000nam a2200000 a 4500 |
| 001 |
vtls001379671 |
| 003 |
SK-MaSNL |
| 005 |
20260301071136.0 |
| 008 |
240313s1999 xo r slo |
| 015 |
|
|
|a SNBA2000/08-02825
|
| 020 |
|
|
|a 8088944236
|
| 035 |
|
|
|a SNK000333647
|
| 035 |
|
|
|a urn:nbn:sk:snk-amkkho
|
| 035 |
|
|
|a urn:nbn:sk:snk-am003b9s
|
| 035 |
|
|
|a B95D68A0-8835-4EA2-BB0B-F885542F54DC
|
| 040 |
|
|
|a SNK
|b slo
|c SNK
|e AACR2
|
| 041 |
0 |
|
|a slo
|
| 044 |
|
|
|a xo
|c SK
|
| 080 |
|
|
|a 271-055.1
|2 1981
|
| 080 |
|
|
|a 271-055.2
|2 1981
|
| 100 |
1 |
|
|a Balázs, Ján Krstiteľ,
|d 1966-
|4 aut
|9 227103
|
| 245 |
1 |
0 |
|a Počiatky františkánskeho hnutia a hnutia klarisiek
|c Ján Krstiteľ Marián Balázs
|
| 260 |
|
|
|a Bratislava
|b Serafín
|c c1999
|
| 300 |
|
|
|a 86 s.
|c 21 cm
|
| 650 |
0 |
7 |
|a františkáni
|2 SNK
|9 174837
|
| 650 |
0 |
7 |
|a klarisky
|2 SNK
|9 59412
|
| 655 |
|
7 |
|a príručky
|2 SNK
|9 74364
|
| 919 |
|
|
|a 80-88944-23-6
|
| 958 |
|
|
|a TL
|
| 958 |
|
|
|a NT
|
| 999 |
|
|
|c 636745
|d 638675
|
| 952 |
|
|
|t P60, <03>, [BOOK], {603}
|a SNK
|b SNK
|y PREZ
|7 0
|p 17A0222803
|o snkSC 100412
|i snkKSP 17/2000
|0 0
|1 0
|4 0
|d 2000-01-05
|f 1
|l 0
|r 2025-09-19 00:00:00
|w 2026-02-23
|
| 952 |
|
|
|t P60, <04>, [BOOK], {604}
|a SNK
|b SNK
|y VYP
|7 0
|p 17A0222865
|o snkSC 100412 D1
|i snkKSP 235/2000
|0 0
|1 0
|4 0
|d 2000-01-07
|l 0
|r 2005-01-02 00:00:00
|w 2026-02-23
|
| 952 |
|
|
|t P60, <09>, [BOOK], {629}
|a SNK
|b SNK
|y NEVYP
|7 0
|o snkC 12
|i snk12/20000110
|0 0
|1 0
|4 0
|d 2000-01-07
|l 0
|r 2005-01-02 00:00:00
|w 2026-02-23
|